000 00642nam a22002177a 4500
005 20220704120616.0
008 220704b ||||| |||| 00| 0 eng d
040 _cAL
041 _aEnglish
082 _223
_a324.954
_bINDG
100 _aGovernment of India
_946860
245 _aGeneral Elections 2004:Elections present and past
260 _aNew Delhi
_bGovernment of India
_c2004
300 _a144 p.
_bPB
_c21x13 cm.
440 _aReference hand book Vol 1
_946861
650 _aA Data Base
_946862
650 _aElections
_946863
650 _aPresent and Past
_946864
700 _aINDIA (Government of)
_946865
942 _2ddc
_cGF
999 _c223589
_d223589